000 01553cam a22002054a 4500
005 20250605164237.0
008 250528s ||||||||||||||||||||||||d
035 _a21194
020 _a9789602001141
040 _aGR-AtMCL
_bgre
_dGR-AtMCL
_eAACR2
245 1 _aΠώς να Καταρτίσετε Ένα Business Plan / Καταστρώστε τη Στρατηγική σας - Προβλέψτε Σωστά τα Οικονομικά Μεγέθη - Εκπονήστε Ένα Εφικτό Σχέδιο
250 _a
260 _bFinch Brian
_bKogan Page Limited,
_c2006
300 _a152
520 _aΤο βιβλίο αποτελεί απαραίτητη προϋπόθεση προκειμένου να αντληθούν πόροι για μια νέα επιχείρηση και να αξιολογηθούν νέες επιχειρηματικές προοπτικές. Εισαγωγή, Η Δομή του Σχεδίου, Σύνοψη, Το Ιστορικό της Επιχείρησης, Η Αγορά, Λειτουργίες, Διοίκηση Επιχειρήσεων, Η Πρόταση, Η Πρόβλεψη, Χρηματοοικονομικά Στοιχεία, Κίνδυνοι, Νομικά Ζητήματα και Εμπιστευτικότητα, Πώς να Πουλήσετε την Επιχείρηση σας, Το Εσωτερικό Επιχειρηματικό Σχέδιο, Παραρτήματα, Γλωσσάρι.
700 1 _aΚοροντζή Γωγώ
_97222
942 _cBK
999 _c6262
_d6262